[Event "40th Olympiad Women"]
[Site "Istanbul TUR"]
[Date "2012.08.31"]
[Round "4.24"]
[Board "1"]
[White "Hund, Barbara"]
[Black "Pourkashiyan, Atousa"]
[Result "1-0"]
[WhiteTitle "WGM"]
[BlackTitle "WGM"]
[WhiteElo "2211"]
[BlackElo "2313"]
[WhiteTeam "Switzerland"]
[BlackTeam "Iran"]
[WhiteFideId "1301446"]
[BlackFideId "12502014"]
[EventDate "2012.08.28"]

1. e4 c5 2. Nf3 e6 3. d4 cxd4 4. Nxd4 a6 5. Nc3 Qc7 6. f4 d6 7. a4 Nf6 8. Bd3
Nbd7 9. Nf3 b6 10. O-O Bb7 11. Qe1 g6 12. Kh1 Bg7 13. Qh4 O-O 14. Bd2 Nc5 15. f5
exf5 16. exf5 Rfe8 17. Bg5 Nce4 18. Nxe4 Nxe4 19. f6 Bh8 20. Rae1 d5 21. Bxe4
Rxe4 22. Rxe4 dxe4 23. Nd4 Qc4 24. Rd1 Rd8 25. c3 Qxa4 26. Re1 Qd7 27. Kg1 Re8
28. Re3 h5 29. h3 Bc8 30. Rxe4 Bb7 31. Re7 Qc8 32. Qf4 Ba8 33. Qd6 b5 34. Rc7
Qb8 35. Qd7 Bd5 36. Nc6 Qb6+ 37. Kh2 Re1 38. Qd8+ Kh7 39. Rxf7+ Bxf7 40. Qxb6
Re8 41. Qxa6 1-0

[Event "40th Olympiad Women"]
[Site "Istanbul TUR"]
[Date "2012.08.31"]
[Round "4.24"]
[Board "2"]
[White "Khademalsharieh, Sarasadat"]
[Black "Seps, Monika"]
[Result "0-1"]
[WhiteTitle "WIM"]
[BlackTitle "WIM"]
[WhiteElo "2270"]
[BlackElo "2227"]
[WhiteTeam "Iran"]
[BlackTeam "Switzerland"]
[WhiteFideId "12512214"]
[BlackFideId "1308521"]
[EventDate "2012.08.28"]

1. d4 Nf6 2. Nf3 g6 3. c4 Bg7 4. Nc3 O-O 5. e4 d6 6. h3 Na6 7. Bg5 Qe8 8. Be2 e5
9. d5 Nh5 10. g3 f5 11. exf5 gxf5 12. Nd2 Nf6 13. g4 e4 14. Rg1 Nc5 15. Rg3 Nd3+
16. Bxd3 exd3+ 17. Kf1 fxg4 18. hxg4 Nxg4 19. Nde4 Bxc3 20. Rxg4 Bxg4 21. Qxg4
Bg7 22. Kg2 Qg6 23. Kg3 Rae8 24. f3 h5 25. Qh4 Rf5 26. Rg1 Rxe4 0-1

[Event "40th Olympiad Women"]
[Site "Istanbul TUR"]
[Date "2012.08.31"]
[Round "4.24"]
[Board "3"]
[White "Heinatz, Gundula"]
[Black "Hakimifard, Ghazal"]
[Result "1/2-1/2"]
[WhiteTitle "WIM"]
[BlackTitle "WIM"]
[WhiteElo "2197"]
[BlackElo "2249"]
[WhiteTeam "Switzerland"]
[BlackTeam "Iran"]
[WhiteFideId "4612434"]
[BlackFideId "12506540"]
[EventDate "2012.08.28"]

1. d4 Nf6 2. Nf3 e6 3. g3 b5 4. Bg2 Bb7 5. O-O Be7 6. Nbd2 c5 7. b3 O-O 8. Bb2
d5 9. dxc5 Bxc5 10. c4 bxc4 11. bxc4 Nbd7 12. Rb1 Rb8 13. Ne5 Be7 14. Bd4 Nc5
15. cxd5 Nxd5 16. Ndc4 f6 17. Nd3 Qc7 18. Rb5 Nxd3 19. exd3 a6 20. Rb3 Bc5 21.
Bxc5 Qxc5 22. Qb1 Qc7 23. Re1 Ba8 24. Rxe6 Nc3 25. Qe1 Bxg2 26. Kxg2 Nb5 27. Qe3
Rbd8 28. Re7 Qc6+ 29. Qe4 Qxe4+ 30. dxe4 Rd4 31. Ne3 g6 32. Kf3 f5 33. exf5 gxf5
34. Kg2 f4 35. Ng4 f3+ 36. Rxf3 Rxg4 37. Rxf8+ Kxf8 38. Rxh7 Nc3 39. f4 Nxa2 40.
Ra7 Nb4 41. Kf3 Rg7 42. Ra8+ Kf7 43. f5 Rg8 44. Ra7+ 1/2-1/2

[Event "40th Olympiad Women"]
[Site "Istanbul TUR"]
[Date "2012.08.31"]
[Round "4.24"]
[Board "4"]
[White "Ghader Pour, Shayesteh"]
[Black "De Seroux, Camille"]
[Result "1-0"]
[WhiteTitle "WIM"]
[BlackTitle "WFM"]
[WhiteElo "2218"]
[BlackElo "2101"]
[WhiteTeam "Iran"]
[BlackTeam "Switzerland"]
[WhiteFideId "12500747"]
[BlackFideId "1305620"]
[EventDate "2012.08.28"]

1. e4 c5 2. Nf3 d6 3. d4 cxd4 4. Nxd4 Nf6 5. Nc3 Nc6 6. Bc4 e6 7. O-O Be7 8. Bb3
O-O 9. f4 Bd7 10. Be3 Nxd4 11. Bxd4 Bc6 12. Qd3 b5 13. e5 dxe5 14. fxe5 Nd5 15.
Ne4 Nb4 16. Qe3 Bd5 17. Nf6+ Kh8 18. Nxd5 Nxd5 19. Qe4 Qc7 20. c3 Rad8 21. Bc2
g6 22. Kh1 Kg8 23. Rf3 Rd7 24. Rh3 Rfd8 25. Rf1 Nb4 26. Rxf7 Bc5 27. Rxd7 Qxd7
28. Bxc5 Nxc2 29. Qxc2 Qd5 30. Bd6 Qxa2 31. Rd3 a5 32. h3 Qc4 33. Rf3 Qh4 34.
Qf2 1-0

[Event "40th Olympiad Women"]
[Site "Istanbul TUR"]
[Date "2012.08.31"]
[Round "4.25"]
[Board "1"]
[White "Boric, Elena"]
[Black "Feliciano Ebert, Vanessa"]
[Result "1/2-1/2"]
[WhiteTitle "WIM"]
[BlackTitle "WFM"]
[WhiteElo "2319"]
[BlackElo "2231"]
[WhiteTeam "Bosnia & Herzegovina"]
[BlackTeam "Brazil"]
[WhiteFideId "14400839"]
[BlackFideId "2114160"]
[EventDate "2012.08.28"]

1. e4 c5 2. f4 d5 3. exd5 Nf6 4. Nf3 Nxd5 5. g3 Nc6 6. Bg2 Bg4 7. h3 Bh5 8. O-O
e6 9. d3 Be7 10. Nc3 O-O 11. Nxd5 Qxd5 12. Be3 Bf6 13. g4 Bg6 14. Ne5 Qd6 15.
Nc4 Qd7 16. Bxc5 Rfd8 17. a4 Nd4 18. Bxd4 Bxd4+ 19. Kh1 Rac8 20. Qf3 f6 21. Qxb7
Rc7 22. Qf3 Rb8 23. c3 Bc5 24. Rfd1 Qc8 25. Qe2 Qa6 26. Rd2 Rd8 27. Re1 Qxa4 28.
Ne3 Qxf4 29. d4 Bd6 30. Nf1 1/2-1/2

[Event "40th Olympiad Women"]
[Site "Istanbul TUR"]
[Date "2012.08.31"]
[Round "4.25"]
[Board "2"]
[White "Gazola, Vanessa Ramos"]
[Black "Dimitrijevic, Aleksandra"]
[Result "0-1"]
[WhiteTitle "WCM"]
[BlackTitle "WFM"]
[WhiteElo "2033"]
[BlackElo "2280"]
[WhiteTeam "Brazil"]
[BlackTeam "Bosnia & Herzegovina"]
[WhiteFideId "2112590"]
[BlackFideId "929239"]
[EventDate "2012.08.28"]

1. d4 Nf6 2. c4 d6 3. Nc3 c6 4. e4 Nbd7 5. Bg5 e5 6. d5 Be7 7. Nf3 h6 8. Be3 O-O
9. Be2 c5 10. O-O Re8 11. Nd2 Nf8 12. Bh5 Nxh5 13. Qxh5 Ng6 14. Ne2 b5 15. Ng3
bxc4 16. Nxc4 Ba6 17. Rfc1 Rb8 18. b3 Bf8 19. Nf5 Nf4 20. Qf3 g6 21. Ng3 Bg7 22.
Rab1 Bxc4 23. Rxc4 Qa5 24. Rbc1 Qxa2 25. Ra4 Qb2 26. Rxa7 Rxb3 27. Rd7 Qxc1+ 28.
Bxc1 Rxf3 29. gxf3 Rb8 30. Bxf4 exf4 31. Ne2 Be5 32. Kg2 Rb2 33. Ng1 c4 34. Rc7
c3 35. Nh3 g5 36. Ng1 Bd4 37. Nh3 Rd2 38. Rc4 c2 0-1

[Event "40th Olympiad Women"]
[Site "Istanbul TUR"]
[Date "2012.08.31"]
[Round "4.25"]
[Board "3"]
[White "Dedijer, Sanja"]
[Black "Guimaraes, Artemis Pamela"]
[Result "1-0"]
[WhiteElo "2036"]
[BlackElo "1996"]
[WhiteTeam "Bosnia & Herzegovina"]
[BlackTeam "Brazil"]
[WhiteFideId "14401878"]
[BlackFideId "2121107"]
[EventDate "2012.08.28"]

1. d4 Nf6 2. c4 e6 3. g3 d5 4. Bg2 Bb4+ 5. Bd2 Be7 6. Nf3 O-O 7. O-O c6 8. Qc2
b6 9. b3 Nbd7 10. Rd1 Bb7 11. Bf4 Rc8 12. Nbd2 c5 13. Qb2 cxd4 14. Qxd4 Bc5 15.
Qb2 Ng4 16. e3 Qe7 17. h3 Ngf6 18. a4 Nh5 19. Be5 Nxe5 20. Nxe5 Nf6 21. Nd3 Bd6
22. a5 e5 23. cxd5 e4 24. Nf4 Be5 25. Qa3 Qxa3 26. Rxa3 g5 27. Nc4 Bb8 28. Ne2
b5 29. a6 Bxd5 30. Nd2 Rfd8 31. Nd4 Bd6 32. Ra5 Rb8 33. Rxb5 Bb4 34. Rxb8 Rxb8
35. Nc4 Bc5 36. Na5 Rb6 37. Bf1 Bb4 38. Ra1 Bc3 39. Ra4 Nd7 40. Bc4 Nc5 41. Ra2
Bxc4 42. Nxc4 Rf6 43. Nb5 Be1 44. Nxa7 Nxa6 45. Kf1 Bb4 46. Nb5 h6 47. Nd4 Nc5
48. g4 Bc3 49. Nf5 Kh7 50. Rc2 Bb4 51. Ncd6 Nxb3 52. Nxe4 Re6 53. f3 Na5 54. Rc7
Kg6 55. h4 gxh4 56. Nxh4+ Kg7 57. Nf5+ Kg8 58. Nc5 Bxc5 59. Rxc5 Nb7 60. Rd5 Kh7
61. Rd7 Nc5 62. Rxf7+ Kg8 63. Rg7+ Kf8 64. Rh7 Nb3 65. Rxh6 Rxh6 66. Nxh6 Nd2+
67. Ke2 Nc4 68. f4 Kg7 69. Nf5+ Kf6 70. e4 Nb6 71. Kf3 Nc4 72. e5+ Kg6 73. Nd4
Nd2+ 74. Ke3 Nf1+ 75. Ke4 Nh2 76. g5 Ng4 77. e6 1-0

[Event "40th Olympiad Women"]
[Site "Istanbul TUR"]
[Date "2012.08.31"]
[Round "4.25"]
[Board "4"]
[White "Chang, Suzana"]
[Black "Dedijer, Mira"]
[Result "1/2-1/2"]
[WhiteTitle "WFM"]
[WhiteElo "2006"]
[BlackElo "1981"]
[WhiteTeam "Brazil"]
[BlackTeam "Bosnia & Herzegovina"]
[WhiteFideId "2105985"]
[BlackFideId "14401622"]
[EventDate "2012.08.28"]

1. c4 e5 2. Nc3 g6 3. g3 Bg7 4. Bg2 Ne7 5. d3 O-O 6. Rb1 c6 7. Nf3 d5 8. cxd5
cxd5 9. O-O Nbc6 10. e4 h6 11. b4 Be6 12. a4 d4 13. Nb5 a6 14. Na3 Na7 15. Nd2
Nec8 16. Nb3 b6 17. a5 Bxb3 18. Qxb3 bxa5 19. bxa5 Qxa5 20. Nc4 Qc7 21. Ba3 Re8
22. Rfc1 Qd7 23. f4 Nb5 24. Qa4 Qe6 25. f5 Qf6 26. Rxb5 axb5 27. Qxa8 bxc4 28.
Qa4 Rd8 29. Qxc4 Nd6 30. Bxd6 Qxd6 31. fxg6 Qxg6 32. Rf1 Qe6 33. Qxe6 fxe6 34.
Bh3 Re8 35. Bg4 Re7 36. Kg2 Bf8 37. Kh3 Kg7 38. Rb1 Kf6 39. Rb5 Bg7 40. Rb6 Re8
41. Kh4 Bf8 42. Kh5 Ba3 43. Bd1 Bc1 44. Bb3 Be3 45. Rb7 Re7 46. Rb8 Kg7 47. Bc4
Bg1 48. h3 Bf2 49. Kg4 Be3 50. Rb6 Kf6 51. h4 Re8 52. Kh5 Re7 53. Rc6 Bf2 54. g4
Be3 55. Rc8 Bf4 56. Bb5 Rg7 57. Ra8 Rh7 58. Ra6 Rg7 59. Bc4 Re7 60. Ra2 Rg7 61.
Ra8 Re7 62. Rg8 Kf7 63. Rg6 Re8 64. Bb5 Rd8 65. Bc6 Be3 66. g5 hxg5 67. hxg5
Rh8+ 68. Rh6 Rxh6+ 69. gxh6 Kf6 70. Bd7 Bf4 71. Bxe6 Bh2 72. Bf5 Bf4 73. h7 Kg7
74. Be6 1/2-1/2

[Event "40th Olympiad Women"]
[Site "Istanbul TUR"]
[Date "2012.08.31"]
[Round "4.26"]
[Board "1"]
[White "Tsiganova, Monika"]
[Black "Leite, Catarina"]
[Result "1-0"]
[WhiteTitle "WIM"]
[BlackTitle "WIM"]
[WhiteElo "2164"]
[BlackElo "2178"]
[WhiteTeam "Estonia"]
[BlackTeam "Portugal"]
[WhiteFideId "4500199"]
[BlackFideId "1901222"]
[EventDate "2012.08.28"]

1. d4 Nf6 2. Nf3 e6 3. c4 b6 4. g3 Bb7 5. Bg2 Be7 6. O-O O-O 7. Nc3 d5 8. cxd5
Nxd5 9. Ne5 Nxc3 10. bxc3 Bxg2 11. Kxg2 c5 12. e4 Bf6 13. Nf3 Nc6 14. Be3 Rc8
15. dxc5 Bxc3 16. Rc1 Ba5 17. Qa4 Ne7 18. Ne5 Ng6 19. Rfd1 Qe7 20. Nc4 Rc7 21.
cxb6 Bxb6 22. Nxb6 Rxc1 23. Bxc1 axb6 24. Ba3 Qg5 25. Bxf8 Nf4+ 26. Kf1 1-0

[Event "40th Olympiad Women"]
[Site "Istanbul TUR"]
[Date "2012.08.31"]
[Round "4.26"]
[Board "2"]
[White "Coimbra, Margarida"]
[Black "Fomina, Tatyana"]
[Result "1/2-1/2"]
[WhiteTitle "WFM"]
[BlackTitle "WIM"]
[WhiteElo "2116"]
[BlackElo "2189"]
[WhiteTeam "Portugal"]
[BlackTeam "Estonia"]
[WhiteFideId "1901192"]
[BlackFideId "4500156"]
[EventDate "2012.08.28"]

1. e4 e6 2. d4 d5 3. Nd2 dxe4 4. Nxe4 Bd7 5. Bd3 Bc6 6. Nf3 Bxe4 7. Bxe4 c6 8.
O-O Nf6 9. Bd3 Bd6 10. b3 Nbd7 11. Bb2 Qc7 12. Re1 O-O-O 13. Ne5 Bxe5 14. dxe5
Nd5 15. Qf3 Nc5 16. Bf1 Rd7 17. Ba3 Qb6 18. Rad1 Rhd8 19. c4 Nb4 20. Rxd7 Rxd7
21. Bxb4 Qxb4 22. Rd1 Rxd1 23. Qxd1 Nd7 24. Qg4 g6 25. Qf4 Qf8 26. Qd4 c5 27.
Qe4 Nb8 28. g3 Nc6 29. Bg2 Qd8 30. Qe2 Nd4 31. Qe4 Qc7 32. f4 Qd7 33. Kf2 Nf5
34. Ke2 h5 35. Qd3 Qc7 36. Qe4 Qb6 37. Kd1 a5 38. Kc2 a4 39. Qd3 Qb4 40. Qc3
Nd4+ 41. Kd3 axb3 42. Qxb4 cxb4 43. axb3 Nxb3 44. Bf3 Kc7 45. h4 Nc5+ 46. Kd4 b6
47. g4 b3 48. Kc3 b2 49. Kc2 hxg4 50. Bxg4 Nd3 51. h5 gxh5 52. Bxh5 Nxf4 53.
Bxf7 Kd7 54. Kxb2 Nd3+ 55. Kc3 Nxe5 56. Bh5 Nc6 57. Kd3 Kd6 58. Ke4 Ne5 59. Kd4
Nd7 60. Bf3 Nf6 61. Bd1 e5+ 62. Ke3 Kc5 63. Be2 Kb4 64. Kd3 Kb3 65. Bd1+ Kb2 66.
c5 bxc5 67. Kc4 e4 68. Kxc5 Kc3 69. Kd6 Kd2 70. Ba4 e3 71. Bb5 1/2-1/2

[Event "40th Olympiad Women"]
[Site "Istanbul TUR"]
[Date "2012.08.31"]
[Round "4.26"]
[Board "3"]
[White "Narva, Triin"]
[Black "Baptista, Ana Filipa"]
[Result "1-0"]
[WhiteTitle "WCM"]
[BlackTitle "WFM"]
[WhiteElo "2028"]
[BlackElo "2152"]
[WhiteTeam "Estonia"]
[BlackTeam "Portugal"]
[WhiteFideId "4502680"]
[BlackFideId "1902970"]
[EventDate "2012.08.28"]

1. e4 c5 2. Nf3 e6 3. c3 Nf6 4. e5 Nd5 5. d4 cxd4 6. Qxd4 Nc6 7. Qe4 d6 8. Bb5
Bd7 9. c4 Nc7 10. exd6 Bxd6 11. O-O a6 12. Rd1 Qe7 13. Ba4 Rd8 14. Nc3 O-O 15.
Bg5 f6 16. Bc2 g6 17. Bh6 Rfe8 18. Qh4 Ne5 19. Ne4 Nxf3+ 20. gxf3 Be5 21. f4 g5
22. fxg5 f5 23. Nf6+ Bxf6 24. gxf6 Qf7 25. Rd3 Bc6 26. Rg3+ Kh8 27. Bg7+ Kg8 28.
Bf8+ Kxf8 29. Qh6+ 1-0

[Event "40th Olympiad Women"]
[Site "Istanbul TUR"]
[Date "2012.08.31"]
[Round "4.26"]
[Board "4"]
[White "Oliveira, Maria Ines"]
[Black "Narva, Regina R."]
[Result "1/2-1/2"]
[BlackTitle "WFM"]
[WhiteElo "1927"]
[BlackElo "2042"]
[WhiteTeam "Portugal"]
[BlackTeam "Estonia"]
[WhiteFideId "1909436"]
[BlackFideId "4500237"]
[EventDate "2012.08.28"]

1. e4 g6 2. d4 d6 3. Nc3 Bg7 4. f4 b6 5. Nf3 e6 6. Bd3 Bb7 7. O-O Nd7 8. e5 Ne7
9. Ne4 d5 10. Nf2 c5 11. c3 Nc6 12. Kh1 h5 13. Be3 Qe7 14. Rc1 O-O-O 15. dxc5
bxc5 16. b4 c4 17. Be2 Bh6 18. b5 Ncxe5 19. Nxe5 Nxe5 20. Qd4 Ng4 21. Nxg4 hxg4
22. Qc5+ Qxc5 23. Bxc5 f5 24. Bxa7 e5 25. Be3 g3 26. h3 Rhe8 27. Bf3 Bxf4 28.
Bxf4 exf4 29. a4 g5 30. Rfd1 Kc7 31. a5 g4 32. hxg4 Rh8+ 33. Kg1 Rh4 34. gxf5
Rdh8 35. Kf1 Re8 36. Kg1 Reh8 37. Kf1 Re8 38. Kg1 1/2-1/2

[Event "40th Olympiad Women"]
[Site "Istanbul TUR"]
[Date "2012.08.31"]
[Round "4.27"]
[Board "2"]
[White "Van Der Merwe, Cecile H."]
[Black "Bejatovic, Bojana"]
[Result "1-0"]
[WhiteTitle "WIM"]
[WhiteElo "2043"]
[BlackElo "1978"]
[WhiteTeam "South Africa"]
[BlackTeam "FYROM"]
[WhiteFideId "14300648"]
[BlackFideId "15000141"]
[EventDate "2012.08.28"]

1. e4 Nf6 2. e5 Nd5 3. d4 d6 4. Nf3 Nc6 5. c4 Nb6 6. e6 fxe6 7. Nc3 g6 8. h4 Bg7
9. h5 e5 10. d5 Nd4 11. hxg6 hxg6 12. Rxh8+ Bxh8 13. Bd3 c6 14. Bxg6+ Kd7 15. c5
dxc5 16. dxc6+ Kxc6 17. Qd3 a6 18. Bg5 Qd6 19. Rc1 c4 20. Qe4+ Kc7 21. a4 Nxf3+
22. gxf3 Qb4 23. a5 Nd7 24. Bxe7 Qxa5 25. Qxc4+ Kb8 26. Bd6+ Ka7 27. b4 Qa3 28.
Nd5 Qxf3 29. Bc5+ Kb8 30. Bd6+ Ka7 31. b5 Qh1+ 32. Ke2 Nb6 33. Rxh1 Nxc4 34. b6+
Nxb6 35. Bc5 Bg4+ 36. f3 Rg8 37. Bxb6+ Kb8 38. fxg4 1-0

[Event "40th Olympiad Women"]
[Site "Istanbul TUR"]
[Date "2012.08.31"]
[Round "4.27"]
[Board "3"]
[White "Stojkovska, Monika"]
[Black "Solomons, Anzel"]
[Result "1-0"]
[BlackTitle "WIM"]
[WhiteElo "1939"]
[BlackElo "1927"]
[WhiteTeam "FYROM"]
[BlackTeam "South Africa"]
[WhiteFideId "15002594"]
[BlackFideId "14300800"]
[EventDate "2012.08.28"]

1. e4 e5 2. Nf3 Nc6 3. d4 exd4 4. Nxd4 Nf6 5. Nxc6 bxc6 6. e5 Nd5 7. c4 Nb6 8.
Bd3 Qe7 9. O-O Bb7 10. Nd2 O-O-O 11. a4 d5 12. a5 Nxc4 13. a6 Ba8 14. Qg4+ Kb8
15. Bxc4 dxc4 16. Nxc4 h5 17. Qh3 Rd4 18. Qc3 c5 19. f3 Qe6 20. b3 Qg6 21. Be3
Rd3 22. Qa5 Qc6 23. e6 Rxb3 24. Rfb1 Rb4 25. Ne5 Qxe6 26. Rxb4+ cxb4 27. Qb5+
Kc8 28. Bxa7 Kd8 29. Rd1+ Ke7 30. Bc5+ Kf6 31. Nd7+ Kg6 32. Nxf8+ Rxf8 33. Bxf8
Qe3+ 34. Kh1 Bxf3 35. Qd3+ 1-0

[Event "40th Olympiad Women"]
[Site "Istanbul TUR"]
[Date "2012.08.31"]
[Round "4.27"]
[Board "4"]
[White "Tlale, Tshepang"]
[Black "Nikolovska, Dragana"]
[Result "1-0"]
[WhiteTitle "WFM"]
[WhiteElo "1782"]
[BlackElo "1828"]
[WhiteTeam "South Africa"]
[BlackTeam "FYROM"]
[WhiteFideId "14304503"]
[BlackFideId "15000133"]
[EventDate "2012.08.28"]

1. e4 c5 2. Nf3 d6 3. Bc4 Nc6 4. Nc3 Nf6 5. d4 cxd4 6. Nxd4 g6 7. Nxc6 bxc6 8.
e5 Ng8 9. exd6 Qxd6 10. Qxd6 exd6 11. O-O d5 12. Re1+ Be6 13. Bb3 Bg7 14. Ba4
Ne7 15. Bf4 Rc8 16. Rad1 O-O 17. Be5 Rfd8 18. Bxg7 Kxg7 19. Ne2 Nf5 20. c3 c5
21. Nf4 Rd6 22. Bb3 Rcd8 23. Nxe6+ fxe6 24. g3 Re8 25. Bxd5 e5 26. Be4 Red8 27.
Rxd6 Nxd6 28. Rd1 Kf6 29. Bc2 c4 30. Rd5 Ke6 31. Ra5 Rd7 32. Kf1 g5 33. g4 h6
34. Ra6 Rb7 35. b3 cxb3 36. axb3 Ke7 37. c4 Rc7 38. Ke2 Nf7 39. Be4 Nd6 40. Bc6
Nf7 41. b4 Nd8 42. Bd5 Nf7 43. Ke3 Nd6 44. c5 Nf7 45. Ke4 Ke8 46. Rf6 1-0

[Event "40th Olympiad Women"]
[Site "Istanbul TUR"]
[Date "2012.08.31"]
[Round "4.28"]
[Board "1"]
[White "Medina, Warda Aulia"]
[Black "Corke, Anya S"]
[Result "1/2-1/2"]
[WhiteTitle "WFM"]
[BlackTitle "WGM"]
[WhiteElo "2218"]
[BlackElo "2254"]
[WhiteTeam "Indonesia"]
[BlackTeam "England"]
[WhiteFideId "7101570"]
[BlackFideId "6000347"]
[EventDate "2012.08.28"]

1. e4 c5 2. Nf3 e6 3. d4 cxd4 4. Nxd4 a6 5. c4 Nf6 6. Nc3 Bb4 7. Bd3 Qc7 8. O-O
Nc6 9. Nxc6 dxc6 10. f4 e5 11. Kh1 Bc5 12. Qf3 h5 13. fxe5 Ng4 14. Bf4 Be6 15.
Nd5 cxd5 16. exd5 O-O-O 17. dxe6 fxe6 18. Be4 Rdf8 19. Qh3 Qb6 20. Bg3 Qxb2 21.
Rfb1 Qe2 22. Bxb7+ Kc7 23. Re1 Qf2 24. Rab1 Rb8 25. Bf3 Rxb1 26. Rxb1 Rb8 27.
Rd1 Rd8 28. Rb1 Rb8 29. Rd1 Rd8 30. Rb1 Rb8 31. Rd1 Rd8 1/2-1/2

[Event "40th Olympiad Women"]
[Site "Istanbul TUR"]
[Date "2012.08.31"]
[Round "4.28"]
[Board "2"]
[White "Yurenok, Maria S"]
[Black "Sihite, Chelsie Monica"]
[Result "1/2-1/2"]
[WhiteTitle "WFM"]
[BlackTitle "WIM"]
[WhiteElo "2058"]
[BlackElo "2162"]
[WhiteTeam "England"]
[BlackTeam "Indonesia"]
[WhiteFideId "409359"]
[BlackFideId "7101198"]
[EventDate "2012.08.28"]

1. d4 Nf6 2. c4 e6 3. Nc3 Bb4 4. Qc2 d5 5. cxd5 exd5 6. Bg5 h6 7. Bxf6 Qxf6 8.
a3 Bxc3+ 9. Qxc3 O-O 10. e3 c6 11. Nf3 a5 12. b4 axb4 13. axb4 Rxa1+ 14. Qxa1 g5
15. Bd3 Bf5 16. Bxf5 Qxf5 17. O-O Na6 18. Qb1 Qxb1 19. Rxb1 Nc7 20. h4 f6 21.
hxg5 hxg5 22. Nd2 Ra8 23. Nb3 Nb5 24. Nc5 Nd6 25. b5 cxb5 26. Nd7 Kf7 27. Nb6
Ra2 28. Nxd5 Rc2 29. Nb4 Rd2 30. Nd5 Rc2 31. Nb4 Rd2 32. Nd5 g4 33. Nc3 Kg6 34.
Nxb5 Ne4 35. f3 gxf3 36. gxf3 Ng5 37. Nd6 Nxf3+ 38. Kf1 Kh5 39. Rxb7 Nh2+ 40.
Ke1 Nf3+ 41. Kf1 Nh2+ 42. Ke1 Nf3+ 43. Kf1 Nh2+ 44. Ke1 1/2-1/2

[Event "40th Olympiad Women"]
[Site "Istanbul TUR"]
[Date "2012.08.31"]
[Round "4.28"]
[Board "3"]
[White "Dewi, Aa Citra"]
[Black "Hegarty, Sarah N"]
[Result "1-0"]
[WhiteTitle "WFM"]
[BlackTitle "WFM"]
[WhiteElo "2143"]
[BlackElo "2120"]
[WhiteTeam "Indonesia"]
[BlackTeam "England"]
[WhiteFideId "7101244"]
[BlackFideId "2501465"]
[EventDate "2012.08.28"]

1. e4 c5 2. Nf3 Nc6 3. d4 cxd4 4. Nxd4 g6 5. c4 Bg7 6. Be3 Nf6 7. Nc3 d6 8. Be2
O-O 9. O-O Bd7 10. Qd2 Nxd4 11. Bxd4 a5 12. b3 Bc6 13. f3 Nd7 14. Bf2 Nc5 15.
Rab1 Be5 16. Bd1 f5 17. exf5 Rxf5 18. Bc2 Rf7 19. Be3 Qf8 20. f4 Bg7 21. a3 e5
22. fxe5 Bxe5 23. Nd5 Re8 24. b4 axb4 25. axb4 Nd7 26. Rfe1 Bxd5 27. Qxd5 Nf6
28. Qf3 Bc3 29. Rf1 Be5 30. Bb3 Bxh2+ 31. Kh1 Be5 32. c5 d5 33. Bxd5 Nxd5 34.
Qxd5 Qe7 35. Bg5 Qd7 36. Qc4 Rf8 37. Rbd1 Qc7 38. Bd8 Qc6 39. Be7 g5 40. Bxf8 1-0

[Event "40th Olympiad Women"]
[Site "Istanbul TUR"]
[Date "2012.08.31"]
[Round "4.28"]
[Board "4"]
[White "Chevannes, Sabrina L"]
[Black "Aay, Aisyah Anisa"]
[Result "1-0"]
[WhiteTitle "WFM"]
[WhiteElo "2090"]
[BlackElo "1818"]
[WhiteTeam "England"]
[BlackTeam "Indonesia"]
[WhiteFideId "411280"]
[BlackFideId "7102895"]
[EventDate "2012.08.28"]

1. d4 d5 2. Bf4 Nf6 3. e3 e6 4. c4 Be7 5. Nf3 O-O 6. Nc3 b6 7. cxd5 exd5 8. Ne5
Bb7 9. Bd3 Nbd7 10. O-O Nxe5 11. Bxe5 Bd6 12. Qf3 Bxe5 13. dxe5 Nd7 14. Qh3 g6
15. e6 Ne5 16. exf7+ Rxf7 17. Be2 Qe7 18. Rad1 c6 19. e4 dxe4 20. Nxe4 Raf8 21.
Nd6 Rf6 22. Nxb7 Qxb7 23. f4 Nf7 24. Rd7 Qb8 25. Qh4 Qe8 26. Qxf6 Qxd7 27. Rd1
Qe8 28. Bc4 b5 29. Bb3 a5 30. h3 c5 31. Be6 c4 32. Rd8 1-0

[Event "40th Olympiad Women"]
[Site "Istanbul TUR"]
[Date "2012.08.31"]
[Round "4.29"]
[Board "1"]
[White "Salazar, Aura Cristina"]
[Black "Al-Rufaye, Iman Hasan Mohammed"]
[Result "1-0"]
[WhiteTitle "WFM"]
[BlackTitle "WIM"]
[WhiteElo "2228"]
[BlackElo "2171"]
[WhiteTeam "Colombia"]
[BlackTeam "Iraq"]
[WhiteFideId "4403312"]
[BlackFideId "4801067"]
[EventDate "2012.08.28"]

1. d4 d5 2. c4 e6 3. Nc3 Nf6 4. Bg5 Be7 5. e3 Nbd7 6. Nf3 O-O 7. Qc2 Re8 8. cxd5
exd5 9. Bd3 c6 10. O-O Nf8 11. a3 a5 12. Rab1 N6d7 13. Bf4 h6 14. Bg3 Nb6 15.
Ne5 Nfd7 16. f4 Nf6 17. Rbe1 c5 18. Qd2 Bd7 19. Bb1 Rc8 20. Bh4 Ne4 21. Nxe4
Bxh4 22. Nd6 Bxe1 23. Rxe1 Rxe5 24. fxe5 Nc4 25. Qd3 Nxd6 26. Qh7+ Kf8 27. exd6
f6 28. e4 Be6 29. exd5 Bxd5 30. Re7 Qxe7 31. dxe7+ Kxe7 32. Qxg7+ Bf7 33. Bg6
Rf8 34. dxc5 Ke8 35. Qxf6 1-0

[Event "40th Olympiad Women"]
[Site "Istanbul TUR"]
[Date "2012.08.31"]
[Round "4.29"]
[Board "2"]
[White "Jalaluldeen, Kareen Kamal J."]
[Black "Franco Valencia, Beatriz Irene"]
[Result "0-1"]
[WhiteTitle "WFM"]
[BlackTitle "WFM"]
[WhiteElo "1779"]
[BlackElo "2253"]
[WhiteTeam "Iraq"]
[BlackTeam "Colombia"]
[WhiteFideId "4801776"]
[BlackFideId "4402618"]
[EventDate "2012.08.28"]

1. d4 Nf6 2. c4 c5 3. d5 e5 4. e4 d6 5. Nc3 Be7 6. Nf3 O-O 7. Be2 Na6 8. O-O Nc7
9. h3 a6 10. Qc2 Bd7 11. a3 b5 12. Be3 bxc4 13. a4 Qc8 14. Bxc4 Kh8 15. Rab1 Rb8
16. Na2 Nxe4 17. b4 cxb4 18. Rxb4 Rxb4 19. Nxb4 f5 20. Rc1 Qb7 21. Rb1 Rb8 22.
Bd3 a5 23. Nc6 Qxb1+ 24. Qxb1 Rxb1+ 25. Bxb1 Nxd5 26. Nxa5 Nec3 27. Bc2 Nxa4 28.
Bg5 Bf8 29. Nc4 Nb4 30. Bb3 Nc5 31. Bd1 Be6 32. Be2 Nc6 33. Be3 Nb3 34. Bb6 e4
35. Ng5 Bg8 36. Bh5 Bxc4 37. Nf7+ Kg8 38. Nd8 Nxd8 39. Bxd8 d5 0-1